000 00771nam a22003010a 4500
001 UByD000998
003 AR-LpoUNG
005 20220925142531.0
008 220916s1999||||ag |||||||||||||||||spa d
020 _a9785031966
040 _aAR-LpoUNG
_bspa
_cAR-LpoUNG
_eaacr
041 _aspa
044 _aag
082 0 _a864 263hol
100 1 _aGatti, José María
245 1 3 _aHola, Hemingway :
_buna mirada centenaria
250 _a1ra. ed.
260 _aBuenos Aires :
_bLa Página,
_c1999.
300 _a95 p. :
_bfot.
650 4 _aLITERATURA
650 4 _aENSAYO
650 4 _aANALISIS LITERARIO
650 4 _aINFLUENCIA LITERARIA
653 1 _aHEMINGWAY, ERNEST
653 1 _aLITERATURA NORTEAMERICANA
905 _a53410
942 _cLIB
_2ddc
999 _c63616
_d63616